Dynamic modeling of environmental systems.
Sparad:
| Huvudupphovsmän: | , |
|---|---|
| Materialtyp: | Bok |
| Språk: | engelska |
| Publicerad: |
New York :
Springer,
2000.
|
| Serie: | Modeling dynamic systems.
|
| Ämnen: | |
| Taggar: |
Lägg till en tagg
Inga taggar, Lägg till första taggen!
|
MARC
| LEADER | 00000cam a2200000 a 4500 | ||
|---|---|---|---|
| 001 | 740234 | ||
| 003 | CL-VaPUC | ||
| 005 | 20250507123154.0 | ||
| 008 | 990408s2000 nyua b 001 0 eng | ||
| 999 | |c 449212 |d 449210 | ||
| 010 | |a 99015368 | ||
| 020 | |a 0387988807 | ||
| 040 | |a DLC |c Pontificia Universidad Católica de Valparaíso |d DLC | ||
| 050 | 0 | 0 | |a GE45.D37 |b D43 2000 |
| 082 | 0 | 0 | |a 003.3 DEA 2000 |2 21 |
| 100 | 1 | |a Deaton, Michael L. |e author |9 902676 | |
| 245 | 1 | 0 | |a Dynamic modeling of environmental systems. |
| 260 | |a New York : |b Springer, |c 2000. | ||
| 300 | |a xvi, 194 p. : |b ill. ; | ||
| 440 | 0 | |a Modeling dynamic systems. |9 902677 | |
| 504 | |a Includes bibliographical references and index. | ||
| 583 | |c 20250507 | ||
| 650 | 0 | |a Ciencias ambientales |x Simulación por computador |9 902678 | |
| 650 | 0 | |a Ciencias ambientales |x Modelos matemáticos |9 902679 | |
| 700 | 1 | |a Winebrake, James J. |e author |9 902680 | |
| 942 | |2 ddc |c BK |n 1 | ||
| 952 | |0 0 |1 0 |2 ddc |4 0 |6 003_300000000000000_DEA_2000 |7 0 |8 A |9 602914 |a BIBING |b BIBING |d 2025-05-07 |e 1 |g 70529.75 |i 5667425 |o 003.3 DEA 2000 |p 5667425 |r 2025-05-07 |t 1 |v 70529.75 |w 2025-05-07 |y BK |k EII | ||